Introducción al profetismo Isaías
Gardado en:
| Autor Principal: | |
|---|---|
| Formato: | Libro |
| Idioma: | Lingua castelá |
| Publicado: |
Pamplona
Verbo Divino
2011
|
| Edición: | 1a. ed |
| Series: | Biblioteca Bíblica Básica, 7
|
| Subjects: | |
| Tags: |
Engadir etiqueta
Sen Etiquetas, Sexa o primeiro en etiquetar este rexistro!
|
MARC
| LEADER | 00000cam a2200000 a 4500 | ||
|---|---|---|---|
| 001 | UCD2392 | ||
| 003 | CL-VaPUC | ||
| 008 | 160421e20110000sp |||||||||||||||||spa|d | ||
| 020 | |a 9788499451893 | ||
| 082 | 0 | 4 | |a 224.1 |b LOZ |2 21 |
| 100 | |a Loza Vera, José |e autor |9 585737 | ||
| 245 | 1 | 0 | |a Introducción al profetismo Isaías |
| 250 | |a 1a. ed | ||
| 300 | |a 407 p | ||
| 942 | |c BK | ||
| 945 | |d 20160421 23:08:00 |a arojas | ||
| 260 | |a Pamplona |b Verbo Divino |c 2011 | ||
| 600 | 0 | |a Isaías |9 432157 | |
| 650 | 0 | |a Profetas |9 314377 | |
| 583 | |a last modification |c 20160421 23:08:00 |k Rodrigo Vera | ||
| 490 | 0 | |a Biblioteca Bíblica Básica, 7 | |
| 999 | |c 363554 |d 363552 | ||
| 952 | |0 0 |1 0 |3 erb |4 0 |6 224_100000000000000_LOZ_2011 |7 0 |8 A |9 476015 |a BIBTEO |b BIBTEO |i 5283558 |l 1 |m 3 |o 224.1 LOZ 2011 |p 5283558 |r 2025-01-17 |s 2024-03-11 |w 2019-11-24 |y BK |z Catalogado en:20160421 |k ICR | ||